| 000 | 00536nam a2200157 i 4500 | ||
|---|---|---|---|
| 001 | 100373 | ||
| 003 | ES-MaACL | ||
| 005 | 20230906182649.0 | ||
| 007 | t| | ||
| 008 | 050926s1904 sp ||||1| spa d | ||
| 100 | 1 |
_aMascareñas y Boscasa, Manuel. _978680 |
|
| 245 | 1 | 0 |
_aTeorías modernas que sirven de base al estudio práctico del análisis químico _b: (Tesis Doctoral) / _cManuel Mascareñas y Boscasa. |
| 260 |
_aBarcelona : _b[s.n.], _c1904 ( _fImp. Pedro Ortega) |
||
| 502 | _aTesis Doctoral. | ||
| 852 |
_aES-MaACL _jT-1130-F-1 |
||
| 999 |
_c100373 _d100373 |
||